Statistiche per Dove giocava nel 2010-2011? - Quiz n°8

Clicka qui per fare il quiz!

Statistiche generali

  • Questo quiz è stato fatto 24 volte
  • Il punteggio medio è 8 su 10

Statistiche sulle risposte

HintRisposta% Corretto
Lorenzo InsigneFoggia
100%
David de GeaAtletico Madrid
95%
Steve MandandaOlympique Marsiglia
95%
DaniloSantos
90%
Dušan BastaUdinese
90%
Rafael van der VaartTottenham
85%
Danilo D'AmbrosioTorino
80%
Burak YılmazTrabzonspor
80%
Alberto MorenoSiviglia Atlético
65%
Cristian AnsaldiRubin Kazan
30%

Distribuzione punteggi

Percentile per numero di risposta

Percentuale di utenti per punteggio

I tuoi punteggi nel tempo

Non hai fatto questo quiz